[Event "Gelsenkirchen Masters op"]
[Site "Gelsenkirchen"]
[Date "1999.03.28"]
[Round "?"]
[White "Nisipeanu, Liviu Dieter"]
[Black "Bekker Jensen, Simon"]
[Result "1-0"]
[WhiteElo "2594"]
[BlackElo "2360"]

1.Nf3 Nf6 2.c4 g6 3.Nc3 Bg7 4.e4 d6 5.d4 O-O 6.Be2 Na6 7.h3 e5 8.d5 Nd7 9.h4 h6
10.h5 g5 11.g4 Nf6 12.Nxg5 hxg5 13.Bxg5 Qd7 14.Be3 Nxg4 15.Bxg4 Qxg4 16.Qxg4 Bxg4
17.h6 f5 18.hxg7 Rfe8 19.Kd2 f4 20.Rag1 fxe3+ 21.Kxe3 Bd7 22.Rh8+ Kf7 23.g8=Q+ Rxg8
24.Rh7+ Kf6 25.Rxg8 Rxg8 26.Rxd7 Rh8 27.Nb5 Rh3+ 28.f3 Rh2 29.Nxc7 Nxc7 30.Rxc7 Rxb2
31.Rd7 Rxa2 32.Rxd6+ Ke7 33.Re6+ Kd7 34.Rxe5 Ra3+ 35.Kd4 Rxf3 36.Rf5  1-0

[Event "ROM-chT"]
[Site "Sovata"]
[Date "1999.04.18"]
[Round "3"]
[White "Chernov, Vadim"]
[Black "Nisipeanu, Liviu Dieter"]
[Result "0-1"]
[WhiteElo "2382"]
[BlackElo "2594"]

1.e4 c6 2.d4 d5 3.Nc3 dxe4 4.Nxe4 Bf5 5.Ng3 Bg6 6.h4 h6 7.Nf3 Nf6 8.Ne5 Bh7
9.Bd3 Bxd3 10.Qxd3 e6 11.Bf4 Be7 12.O-O-O O-O 13.Kb1 Nbd7 14.c4 Qa5 15.Qf3 Rad8
16.Rd3 Nxe5 17.dxe5 Nd7 18.Qe2 Nc5 19.Rxd8 Rxd8 20.Nh5 Nd3 21.Bg3 b5 22.cxb5 c5
23.Rd1 Qxb5 24.Rd2 c4 25.Rc2 Rd4 26.f4 Ba3 27.Qd2 Rd5  0-1

[Event "ROM-chT"]
[Site "Sovata"]
[Date "1999.04.19"]
[Round "4"]
[White "Slovineanu, Viceslav"]
[Black "Nisipeanu, Liviu Dieter"]
[Result "1/2-1/2"]
[WhiteElo "2447"]
[BlackElo "2594"]

1.e4 c6 2.d4 d5 3.exd5 cxd5 4.Bd3 Nc6 5.c3 Qc7 6.h3 Nf6 7.Ne2 Bd7 8.O-O e5
9.dxe5 Nxe5 10.Bf4 Bd6 11.Bxe5 Bxe5 12.Nd2 O-O 13.Nf3 Bd6 14.Ned4 Bc5 15.Qc2 g6
16.Rae1 Rfe8 17.Qc1 Ne4 18.Qc2 Qf4 19.Re2 Re7 20.Qc1 Qf6 21.Qc2 Rae8 22.Rfe1 Qf4
23.Qc1 Qd6 24.Qc2  1/2-1/2

[Event "FIDE-Wch k.o."]
[Site "Las Vegas"]
[Date "1999.08.12"]
[Round "5.1"]
[White "Nisipeanu, Liviu Dieter"]
[Black "Shirov, Alexei"]
[Result "1/2-1/2"]
[WhiteElo "2584"]
[BlackElo "2734"]

1.e4 c5 2.Nf3 d6 3.d4 cxd4 4.Nxd4 Nf6 5.Nc3 a6 6.Bg5 e6 7.f4 Nbd7 8.Qf3 Qc7
9.O-O-O b5 10.e5 Bb7 11.Qh3 dxe5 12.Nxe6 fxe6 13.Qxe6+ Be7 14.Bxb5 axb5 15.Nxb5 Qc6
16.Nd6+ Kd8 17.fxe5 Kc7 18.Qxe7 Rxa2 19.exf6 Ra1+ 20.Kd2 Qd5+ 21.Kc3 Qa5+
22.Kd3  1/2-1/2

[Event "Eu Team Ch"]
[Site "Batumi GEO"]
[Date "1999.12.06"]
[Round "7"]
[White "Nisipeanu,LD"]
[Black "Giorgadze,G"]
[Result "1/2-1/2"]
[WhiteElo "2584"]
[BlackElo "2602"]

1.e4 e5 2.Nf3 Nc6 3.Bb5 a6 4.Ba4 Nf6 5.O-O Be7 6.Re1 d6 7.c3 Bg4 8.h3 Bh5
9.Bxc6+ bxc6 10.d3 Nd7 11.Nbd2 Nc5 12.Nf1 Bxf3 13.Qxf3 Ne6 14.Ne3 g6 15.Nc4 O-O
16.Bh6 Re8 17.Na5 Qd7 18.Rad1 c5 19.Nc4 Bg5 20.Bxg5 Nxg5 21.Qe3 Ne6 22.g3 Ng7
23.Kh2 f5 24.Qf3 Qf7 25.exf5 Nxf5 26.Rd2 Rf8 27.Qc6 Ra7 28.Re4 Ne7 29.Qd7 Nf5  1/2-1/2

[Event "Eu Team Ch"]
[Site "Batumi GEO"]
[Date "1999.12.06"]
[Round "8"]
[White "Agrest,E"]
[Black "Nisipeanu,LD"]
[Result "1/2-1/2"]
[WhiteElo "2554"]
[BlackElo "2584"]

1.c4 e6 2.Nc3 b6 3.e4 Bb7 4.Nf3 c5 5.d4 cxd4 6.Nxd4 d6 7.Be2 Nf6 8.f3 a6
9.Be3 Nbd7 10.O-O Be7 11.a4 O-O 12.a5 bxa5 13.Nb3 Rb8 14.Nxa5 Ba8 15.Qd2 Re8
16.Kh1 Qc7 17.Rfc1 Ne5 18.Bd4 h5 19.b4 h4 20.b5 h3 21.g3 axb5 22.cxb5 Qd8
23.Bxe5 dxe5 24.Qxd8 Rexd8 25.Nc6 Bxc6 26.bxc6 Rd2 27.Ba6 Rbb2 28.Ne2 Bd6
29.c7 Bxc7 30.Rxc7 Rxe2 31.Bxe2 Rxe2 32.Rf1 g5 33.g4 Kg7 34.Kg1 Rg2+ 35.Kh1 Re2
36.Rc3 Nd7 37.Rfc1 Rf2 38.Kg1 Rg2+ 39.Kh1 Rf2  1/2-1/2

[Event "Radulescu Memorial"]
[Site "Calimanesti"]
[Date "1999.??.??"]
[Round "1"]
[White "Nisipeanu, Liviu Dieter"]
[Black "Romcovici, Victor"]
[Result "1-0"]
[WhiteElo "2594"]
[BlackElo "2275"]

1.e4 d5 2.exd5 Qxd5 3.Nc3 Qa5 4.d4 Nf6 5.Nf3 c6 6.Bc4 Bg4 7.Bd2 e6 8.h3 Bh5
9.Nd5 Qd8 10.Nxf6+ gxf6 11.c3 Qc7 12.Qe2 Nd7 13.O-O-O O-O-O 14.g4 Bg6 15.Nh4 Nb6
16.Bb3 Nd5 17.Qf3 Be7 18.c4 Nb6 19.Bf4 e5 20.Bg3 c5 21.d5 h6 22.Nf5 Kb8 23.Nxe7 Qxe7
24.Qe3 a5 25.f4 a4 26.fxe5 fxe5 27.Bxe5+ Kc8 28.d6 Qd7 29.Qxc5+ Qc6 30.Qxc6+ bxc6
31.Bxh8 axb3 32.Bf6 bxa2 33.b3 Rd7 34.Kb2 Kb7 35.Kxa2 Nc8 36.c5 Na7 37.Rhe1 Nb5
38.Re7 Kc8 39.Rxd7 Kxd7 40.Re1  1-0

[Event "Radulescu Memorial"]
[Site "Calimanesti"]
[Date "1999.??.??"]
[Round "2"]
[White "Solak, Dragan"]
[Black "Nisipeanu, Liviu Dieter"]
[Result "0-1"]
[WhiteElo "2460"]
[BlackElo "2594"]

1.e4 c5 2.Nf3 d6 3.d4 Nf6 4.Nc3 cxd4 5.Nxd4 a6 6.Be3 e6 7.g4 h5 8.g5 Ng4
9.Bc1 Qb6 10.h3 Ne5 11.Nb3 Nbd7 12.f4 Nc6 13.Qf3 g6 14.Be3 Qc7 15.f5 b5 16.a3 Bb7
17.f6 b4 18.axb4 Nxb4 19.O-O-O d5 20.Qf2 dxe4 21.Bg2 Rc8 22.Rd2 Nd5 23.Rhd1 Bb4
24.Bxe4 Bxc3 25.bxc3 O-O 26.Bd4 a5 27.c4 Nb4 28.Bxb7 Qxb7 29.Bb2 Nb6 30.Nxa5 Qa6
31.c5 Na4 32.Nb3 Na2+ 33.Kb1 N2c3+ 34.Bxc3 Nxc3+ 35.Kb2 Nxd1+ 36.Rxd1 Ra8
37.Rd7 Rfb8 38.Kc3 Qc6 39.Qd4 Qf3+ 40.Qd3 Qf4 41.c6 Qb4+ 42.Kb2 Qa3+ 43.Kc3 Qb4+
44.Kb2 Qa4  0-1

[Event "Radulescu Memorial"]
[Site "Calimanesti"]
[Date "1999.??.??"]
[Round "3"]
[White "Nisipeanu, Liviu Dieter"]
[Black "Ionescu, Constantin"]
[Result "1-0"]
[WhiteElo "2594"]
[BlackElo "2482"]

1.e4 e6 2.d4 d5 3.e5 c5 4.c3 Qb6 5.Nf3 Bd7 6.a3 Bb5 7.b4 cxb4 8.Bxb5+ Qxb5
9.cxb4 Nd7 10.Nc3 Qc4 11.Bb2 Ne7 12.Rc1 Nc6 13.Ne2 Qb5 14.O-O a6 15.Ne1 Be7
16.Nd3 Qb6 17.Nc5 Bxc5 18.dxc5 Qc7 19.f4 O-O 20.Nd4 Nxd4 21.Qxd4 Nb8 22.f5 Nc6
23.Qg4 exf5 24.Rxf5 Rad8 25.Rcf1 Qe7 26.Qg3 Rde8 27.e6 fxe6 28.Bxg7 Qxg7
29.Rg5 Rxf1+ 30.Kxf1 Rf8+ 31.Ke1 Rf7 32.Rxg7+ Rxg7 33.Qd6 Kf7 34.g3 Kf6 35.Qf4+ Ke7
36.a4 e5 37.Qh6  1-0

[Event "Radulescu Memorial"]
[Site "Calimanesti"]
[Date "1999.??.??"]
[Round "4"]
[White "Nanu, Ciprian"]
[Black "Nisipeanu, Liviu Dieter"]
[Result "1/2-1/2"]
[WhiteElo "2420"]
[BlackElo "2594"]

1.e4 c6 2.d4 d5 3.Nd2 dxe4 4.Nxe4 Bf5 5.Ng3 Bg6 6.h4 h6 7.Nf3 Nf6 8.h5 Bh7
9.Bd3 Bxd3 10.Qxd3 e6 11.Bf4 Qa5+ 12.Bd2 Qc7 13.Ne4 Nbd7 14.O-O-O O-O-O 15.g3 Nxe4
16.Qxe4 Bd6 17.c4 Nf6 18.Qe2 Rhe8 19.Bc3 Kb8 20.Ne5 Ka8 21.f4 c5  1/2-1/2

[Event "Radulescu Memorial"]
[Site "Calimanesti"]
[Date "1999.??.??"]
[Round "8"]
[White "Ardeleanu, Alin"]
[Black "Nisipeanu, Liviu Dieter"]
[Result "0-1"]
[WhiteElo "2420"]
[BlackElo "2594"]

1.e4 c5 2.Nf3 e6 3.b3 b6 4.c4 Bb7 5.Nc3 Nc6 6.Bb2 Nf6 7.e5 Ng4 8.Nb5 Qb8
9.Qe2 a6 10.Nd6+ Bxd6 11.exd6 Qxd6 12.Bxg7 Rg8 13.Bb2 Nh6 14.O-O-O Nf5 15.Qd3 Qxd3
16.Bxd3 Ncd4 17.Nxd4 Nxd4 18.Rhg1 Rxg2 19.Rxg2 Bxg2 20.Rg1 Bc6 21.Bxd4 cxd4
22.Rg4 e5 23.Bxh7 Ke7 24.Bg8 Bf3 25.Rg7 Bh5 26.Bh7 Rh8 27.Be4 Kf6 28.Rg3 Be2
29.h3 Bf1 30.Rf3+ Ke7 31.Bf5 Bg2 32.Rg3 Bc6 33.d3 d5 34.Kd2 dxc4 35.bxc4 b5
36.c5 Bd5 37.a3 Be6 38.Bxe6 Kxe6 39.Ke2 Rc8 40.f4 Rxc5 41.fxe5 Rxe5+ 42.Kd2 Rh5
43.Kc2 Ke5 44.Kd2 Rh6 45.Ke2 f5 46.Kf3 a5 47.Kf2 Re6 48.Rg8 Kf4  0-1

[Event "Radulescu Memorial"]
[Site "Calimanesti"]
[Date "1999.??.??"]
[Round "10"]
[White "Nevednichy, Vladislav"]
[Black "Nisipeanu, Liviu Dieter"]
[Result "1/2-1/2"]
[WhiteElo "2505"]
[BlackElo "2594"]

1.e4 c6 2.d4 d5 3.Nd2 dxe4 4.Nxe4 Nd7 5.Ng5 Ngf6 6.Bd3 e6 7.N1f3 Bd6 8.Qe2 h6
9.Ne4 Nxe4 10.Qxe4 Nf6 11.Qh4 Ke7 12.Ne5 Bxe5 13.dxe5 Qa5+ 14.c3 Qxe5+ 15.Be3 b6
16.O-O-O g5 17.Qh3  1/2-1/2

[Event "Radulescu Memorial"]
[Site "Calimanesti"]
[Date "1999.??.??"]
[Round "11"]
[White "Nisipeanu, Liviu Dieter"]
[Black "Sanduleac, Vasile"]
[Result "1/2-1/2"]
[WhiteElo "2594"]
[BlackElo "2443"]

1.e4 g6 2.d4 Bg7 3.Nc3 c6 4.Bc4 d6 5.Nf3 Nf6 6.Bb3 O-O 7.O-O d5 8.e5 Ne8
9.Ne2 Na6 10.h3 Nac7 11.Nf4 Ne6 12.Nxe6 Bxe6 13.Re1 Nc7 14.Bf4 Qd7 15.Qd2 Rae8
16.Qa5 Ra8 17.Rad1 b6 18.Qd2 a5 19.c3 a4 20.Bc2 Bf5 21.e6 Bxe6 22.Ng5 Ra7
23.Bxc7 Rxc7 24.Nxe6 fxe6 25.Bxa4 e5 26.dxe5 b5 27.e6 Qd6 28.Bc2 Rcc8 29.a4 bxa4
30.Bxa4 Rf4 31.Bc2 Rcf8 32.Re2 Qc5 33.g3 Rf3 34.Kg2 Be5 35.Qe1 Bc7 36.Rd3 R3f6
37.h4 Qc4 38.f3 Rb8 39.Bb1 Ra8 40.Bc2 Qc5 41.f4 Qb5 42.Rf3 Qxb2 43.Bxg6 Rxe6
44.Rff2 Rxe2 45.Rxe2 Ra1 46.Rxb2  1/2-1/2

[Event "Radulescu Memorial"]
[Site "Calimanesti"]
[Date "1999.??.??"]
[Round "12"]
[White "Sofronie, Iulian"]
[Black "Nisipeanu, Liviu Dieter"]
[Result "1/2-1/2"]
[WhiteElo "2436"]
[BlackElo "2594"]

1.e4 c5 2.Nf3 e6 3.d3 b6 4.g3 Bb7 5.Bg2 d5 6.exd5 Bxd5 7.Nc3 Bb7 8.O-O Nf6
9.d4 Nbd7 10.Bf4 a6 11.Re1 Be7 12.Ne5 Bxg2 13.Kxg2 cxd4 14.Nc6 Qc8 15.Nxe7 Kxe7
16.Qxd4 Qc5 17.Rad1 Qxd4 18.Rxd4 Rhc8 19.Bd6+ Ke8 20.f4 g6 21.h3 Rc6 22.g4 Rd8
23.Red1 Rdc8 24.g5 Nh5 25.Kf3 Rc4 26.R4d2 b5 27.Ne4 f5 28.gxf6 Ndxf6 29.Ng5 Rxc2
30.Nxe6 Rxd2 31.Rxd2 Rc6  1/2-1/2

[Event "Radulescu Memorial"]
[Site "Calimanesti"]
[Date "1999.??.??"]
[Round "13"]
[White "Nisipeanu, Liviu Dieter"]
[Black "Cioara, Andrei Nestor"]
[Result "1-0"]
[WhiteElo "2594"]
[BlackElo "2398"]

1.e4 c6 2.d4 d5 3.e5 Bf5 4.Nf3 e6 5.Be2 Nd7 6.O-O Ne7 7.Nh4 Bg6 8.Be3 c5
9.c3 Nc6 10.Nxg6 hxg6 11.Nd2 cxd4 12.cxd4 g5 13.Rc1 Be7 14.Nf3 Nf8 15.Bb5 Rc8
16.Qa4 Qb6 17.Bxg5 Bxg5 18.Nxg5 Nd7 19.Rc3  1-0

[Event "Masters KO"]
[Site "Cannes FRA"]
[Date "2000.02.19"]
[Round "1.2"]
[White "Marino,O"]
[Black "Nisipeanu,LD"]
[Result "0-1"]
[WhiteElo "2101"]
[BlackElo "2611"]

1.e4 c6 2.d4 d5 3.Nd2 dxe4 4.Nxe4 Bf5 5.Ng3 Bg6 6.f4 e6 7.Nf3 Nd7 8.h4 h5
9.Bd3 Bxd3 10.Qxd3 Qc7 11.Ng5 Nh6 12.Nxh5 O-O-O 13.Bd2 Nf5 14.Nxf7 Nc5 15.Qxf5 exf5
16.Nxh8 Qe7+ 17.Kf1 Ne4 18.Be1 Qe8  0-1

[Event "Masters KO"]
[Site "Cannes FRA"]
[Date "2000.02.20"]
[Round "2.1"]
[White "Nisipeanu,LD"]
[Black "Kogan,A"]
[Result "0-1"]
[WhiteElo "2611"]
[BlackElo "2483"]

1.e4 g6 2.d4 d6 3.Nc3 c6 4.Be3 Nf6 5.f3 Nbd7 6.Qd2 b5 7.O-O-O Nb6 8.g4 b4
9.Nb1 a5 10.Nh3 Qc7 11.a3 Bg7 12.Bh6 O-O 13.Bxg7 Kxg7 14.axb4 axb4 15.Qxb4 Ra1
16.Bd3 c5 17.dxc5 dxc5 18.Qe1 c4 19.Qc3 Qa7 20.Be2 Qa2 21.Kd2 Rd8+ 22.Ke3 Rxd1
23.Rxd1 Rxb1 24.Rxb1 Qxb1 25.Qd4 c3 26.Qxc3 h5 27.Qd4 hxg4 28.fxg4 Qe1 29.Qxb6 Bxg4  0-1

[Event "Masters KO"]
[Site "Cannes FRA"]
[Date "2000.02.20"]
[Round "2.2"]
[White "Kogan,A"]
[Black "Nisipeanu,LD"]
[Result "1-0"]
[WhiteElo "2483"]
[BlackElo "2611"]

1.d4 Nf6 2.Nf3 e6 3.c4 b6 4.Nc3 Bb4 5.Bg5 Bb7 6.Qb3 a5 7.e3 h6 8.Bh4 Nc6
9.a3 a4 10.Qc2 Bxc3+ 11.Qxc3 g5 12.Bg3 Ne4 13.Qc2 Ne7 14.Nd2 Nxd2 15.Qxd2 Nf5
16.f3 Nxg3 17.hxg3 f5 18.Bd3 Qf6 19.O-O-O Kf8 20.Bc2 Kg7 21.e4 d6 22.e5 dxe5
23.dxe5 Qf7 24.Qd7 Bc8 25.Qd4 Ra5 26.Kb1 Qe7 27.f4 g4 28.Rd2 Rf8 29.Qc3 Bb7
30.Qb4 Rf7 31.Rhd1 Bc6 32.Ka1 Ra8 33.Bd3 h5 34.Bf1 Kg6 35.Rc1 Qc5 36.Qxc5 bxc5
37.Rcd1 Rff8 38.Bd3 Rad8 39.Bxf5+ Rxf5 40.Rxd8 Bxg2  1-0

[Event "Match"]
[Site "Naujac-sur-Mer FRA"]
[Date "2000.08.22"]
[Round "1"]
[White "Tkachiev,V"]
[Black "Nisipeanu,LD"]
[Result "1/2-1/2"]
[WhiteElo "2657"]
[BlackElo "2592"]

1.d4 Nf6 2.c4 e6 3.g3 d5 4.Nf3 dxc4 5.Bg2 Nc6 6.Qa4 Bb4+ 7.Bd2 Nd5 8.Qb5 Be7
9.O-O Bf6 10.Qxc4 Nb6 11.Qc2 Nxd4 12.Nxd4 Qxd4 13.Nc3 O-O 14.Rad1 Qc4 15.Be4 Kh8
16.b3 Qc5 17.b4 Qh5 18.Bf3 Qg6 19.Be4 Qh5 20.Bf3 Qg6 21.Be4  1/2-1/2

[Event "Match"]
[Site "Naujac-sur-Mer FRA"]
[Date "2000.08.23"]
[Round "2"]
[White "Nisipeanu,LD"]
[Black "Tkachiev,V"]
[Result "1/2-1/2"]
[WhiteElo "2592"]
[BlackElo "2657"]

1.e4 e5 2.Nf3 Nc6 3.d4 exd4 4.Nxd4 Bc5 5.Nf5 g6 6.Ne3 Nf6 7.Nc3 O-O 8.Bd3 Re8
9.O-O b6 10.Ned5 Nxd5 11.exd5 Ne5 12.Be2 f5 13.b3 Qh4 14.Na4 Ba6 15.c4 Bd4
16.Bb2  1/2-1/2

[Event "Match"]
[Site "Naujac-sur-Mer FRA"]
[Date "2000.08.25"]
[Round "3"]
[White "Tkachiev,V"]
[Black "Nisipeanu,LD"]
[Result "1-0"]
[WhiteElo "2657"]
[BlackElo "2592"]

1.d4 Nf6 2.c4 e6 3.Nf3 b6 4.g3 Ba6 5.b3 b5 6.cxb5 Bxb5 7.Bg2 Bb4+ 8.Bd2 a5
9.O-O O-O 10.a3 Be7 11.Nc3 Bc6 12.Qc2 d5 13.Ne5 Bb7 14.Na4 Nfd7 15.Nd3 Bc6
16.Nac5 Nxc5 17.Nxc5 Ra7 18.Rfc1 Bb5 19.e3 Nd7 20.a4 Be2 21.Bxa5 Nxc5 22.dxc5 Rxa5
23.b4 Bf6 24.Ra3 Bc4 25.bxa5 Qb8 26.Rb1 Qa7 27.Bf1 Qxc5 28.Rab3  1-0

[Event "Match"]
[Site "Naujac-sur-Mer FRA"]
[Date "2000.08.26"]
[Round "4"]
[White "Nisipeanu,LD"]
[Black "Tkachiev,V"]
[Result "1/2-1/2"]
[WhiteElo "2592"]
[BlackElo "2657"]

1.e4 e5 2.Nf3 Nc6 3.Bb5 a6 4.Ba4 Nf6 5.O-O Be7 6.Re1 b5 7.Bb3 d6 8.c3 O-O
9.h3 Na5 10.Bc2 c5 11.d3 h6 12.Nbd2 Nc6 13.Nf1 Be6 14.Ng3 Rc8 15.Be3 Qc7
16.Rc1 d5 17.exd5 Nxd5 18.Bd2 Rfe8 19.Qe2 Bf8 20.d4 exd4 21.cxd4 c4 22.Qe4 g6
23.Qh4 Qe7 24.Rxe6 Qxe6 25.Bxh6 Bxh6 26.Qxh6 Qf6 27.Rd1 Rcd8 28.Be4 Qg7 29.Qh4 Nce7
30.Ne5 Nf6 31.Qg5 Rd6 32.Bf3 Red8 33.Re1 Re6 34.Rd1 Red6 35.Re1 Re6 36.Rd1 Kh7
37.Qh4+ Kg8  1/2-1/2

[Event "Gp B"]
[Site "Cap d'Agde FRA"]
[Date "2000.10.31"]
[Round "7"]
[White "Nisipeanu,LD"]
[Black "Dorfman,J"]
[Result "1-0"]
[WhiteElo "2592"]
[BlackElo "2600"]

1.e4 c6 2.d4 d5 3.e5 Bf5 4.Nf3 e6 5.Be2 h6 6.O-O Ne7 7.b3 Nd7 8.c4 c5 9.Bb2 dxc4
10.bxc4 cxd4 11.Nxd4 a6 12.Qa4 Be4 13.Nc3 Bc6 14.Nxc6 Nxc6 15.Rfd1 Qc8 16.Ne4 Nc5
17.Qc2 Nxe4 18.Qxe4 Bc5 19.Rd3 Qc7 20.Rad1 Rd8 21.Rxd8+ Nxd8 22.Bc3 Nc6 23.h4 h5
24.Bf3 g6 25.Qf4 Qe7 26.Rd3 Rg8 27.Bxc6+ bxc6 28.Ba5 Rf8 29.Qf6  1-0

[Event "Corsica Masters"]
[Site "Bastia FRA"]
[Date "2000.11.05"]
[Round "1.2"]
[White "Djuric,S"]
[Black "Nisipeanu,LD"]
[Result "1-0"]
[WhiteElo "2472"]
[BlackElo "2592"]

1.Nf3 Nf6 2.c4 e6 3.Nc3 d5 4.d4 c6 5.cxd5 exd5 6.Bg5 Be7 7.Qc2 O-O 8.e3 Nbd7
9.Bd3 Re8 10.O-O Nf8 11.h3 g6 12.Bxf6 Bxf6 13.b4 a6 14.Na4 Be7 15.Nc5 Bd6
16.Rfe1 b6 17.Na4 Bd7 18.Qb3 Ne6 19.Bf1 b5 20.Nc5 Nxc5 21.dxc5 Bc7 22.a4 Qf6
23.Qd1 bxa4 24.Rxa4 a5 25.Qa1 Qd8 26.bxa5 Rxa5 27.Rxa5 Bxa5 28.Rb1 Bf5 29.Rb7 Qa8
30.Rb3 Bc7 31.Ra3 Qb8 32.Ra6 Bd7 33.Ra7 h5 34.Bd3 Be6 35.Qa6 Bd8  1-0

[Event "Victor Ciocaltea Mem"]
[Site "Bucharest ROM"]
[Date "2001.03.04"]
[Round "1"]
[White "Nisipeanu,LD"]
[Black "Vajda,L"]
[Result "1/2-1/2"]
[WhiteElo "2596"]
[BlackElo "2454"]

1.e4 e5 2.Nf3 Nc6 3.Bb5 a6 4.Ba4 Nf6 5.O-O Be7 6.Re1 b5 7.Bb3 d6 8.c3 O-O
9.d3 Na5 10.Bc2 c5 11.Nbd2 Nc6 12.Nf1 h6 13.Ng3 Be6 14.Be3 Rc8 15.d4 cxd4
16.cxd4 Bg4 17.d5 Nb4 18.Bb3 a5 19.a3 Na6 20.h3 Bd7 21.Nxe5 dxe5 22.d6 Nc5
23.Bc2 Be6 24.dxe7 Qxe7 25.b4 Nb7 26.Rb1 a4 27.Nf5 Bxf5 28.exf5 Rfd8 29.Qe2 Nd5
30.Rbd1 Nxe3 31.Rxd8+ Qxd8 32.fxe3 Nd6 33.Rd1 Qb6 34.f6 Rc3 35.Qd2 Rxe3 36.Kh2 Ne4
37.Qd5 Rxh3+  1/2-1/2

[Event "Victor Ciocaltea Mem"]
[Site "Bucharest ROM"]
[Date "2001.03.07"]
[Round "4"]
[White "Brodsky,M"]
[Black "Nisipeanu,LD"]
[Result "0-1"]
[WhiteElo "2527"]
[BlackElo "2596"]

1.e4 e5 2.Nf3 d6 3.d4 exd4 4.Nxd4 Nf6 5.Nc3 Be7 6.Bf4 O-O 7.Qd2 d5 8.Ndb5 c6
9.Nc7 d4 10.Ne2 g5 11.Be5 Nbd7 12.Bxf6 Nxf6 13.Qxg5+ Kh8 14.Nxa8 Re8 15.f3 Nxe4
16.Qe5+ Kg8 17.Qxd4 Bc5 18.Qxe4 Rxe4 19.fxe4 Be3 20.Rd1 Bf2+ 21.Kxf2 Qxd1
22.c3 Qd2 23.g3 Qxb2 24.Bg2 Bg4 25.Bf3 Bxf3 26.Kxf3 Qd2 27.Rf1 Qd3+ 28.Kf2 Qxe4
29.Nd4 Qe8 30.Nc7 Qd7 31.Na6 bxa6 32.Rb1 c5 33.Rb8+ Kg7 34.Ne2 Qd2 35.Rc8 Qxa2
36.Rxc5 a5 37.Kf3 a4 38.Nd4 a3 39.Nf5+ Kf6 40.Nd6 Qb1  0-1

[Event "Victor Ciocaltea Mem"]
[Site "Bucharest ROM"]
[Date "2001.03.08"]
[Round "5"]
[White "Nisipeanu,LD"]
[Black "Ionescu,Co"]
[Result "1/2-1/2"]
[WhiteElo "2596"]
[BlackElo "2504"]

1.e4 e5 2.Nf3 Nc6 3.d4 exd4 4.Nxd4 Bc5 5.Nf5 g6 6.Ne3 Nf6 7.Nc3 O-O 8.Bd3 Re8
9.O-O b6 10.Kh1 Bb7 11.f3 a6 12.a3 b5 13.Bd2 Nd4 14.Be1 Ne6 15.Qd2 Nh5 16.Bf2 Qg5
17.Rfd1 Rad8 18.Bf1  1/2-1/2

[Event "Victor Ciocaltea Mem"]
[Site "Bucharest ROM"]
[Date "2001.03.10"]
[Round "7"]
[White "Nisipeanu,LD"]
[Black "Navrotescu,C"]
[Result "1-0"]
[WhiteElo "2596"]
[BlackElo "2451"]

1.e4 c5 2.Nf3 d6 3.d4 cxd4 4.Nxd4 Nf6 5.Nc3 a6 6.Be2 e5 7.Nb3 Be7 8.Be3 Be6
9.Nd5 Nbd7 10.Qd3 O-O 11.c4 Ne8 12.Nxe7+ Qxe7 13.O-O Rc8 14.Rac1 Nc5 15.Nxc5 dxc5
16.Rfd1 Nf6 17.f3 Rfd8 18.Qa3 Rxd1+ 19.Rxd1 Nd7 20.Qa5 f6 21.a3 h6 22.b4 Kh7
23.Rc1 Qf8 24.Kf2 Qd8 25.Qxd8 Rxd8 26.Rd1 Rc8 27.Rd6 Rc6 28.Rxc6 bxc6 29.b5 cxb5
30.cxb5 axb5 31.Bxb5 Kg6 32.a4 Kf7 33.a5 Ke7 34.a6 Kd6 35.a7 Nb6 36.Bd2 Bd7
37.Bxd7 Kxd7 38.Ba5 Na8 39.Ke2 Kc6 40.Kd3 Kb5 41.Bd8 Kb4 42.h4 Kb3 43.h5 c4+
44.Kd2 Kb2 45.Ba5 Kb3 46.Kc1  1-0

[Event "Victor Ciocaltea Mem"]
[Site "Bucharest ROM"]
[Date "2001.03.13"]
[Round "10"]
[White "Nevednichy,V"]
[Black "Nisipeanu,LD"]
[Result "1/2-1/2"]
[WhiteElo "2563"]
[BlackElo "2596"]

1.e4 c6 2.d4 d5 3.exd5 cxd5 4.Bd3 Nc6 5.c3 Qc7 6.Ne2 Bg4 7.f3 Bd7 8.O-O Nf6
9.Bf4 e5 10.Bg3 Bd6 11.Bb5 O-O 12.Bxc6 bxc6 13.Nd2 c5 14.dxe5 Bxe5 15.Bxe5 Qxe5
16.Re1 Qe3+ 17.Kh1 Rfe8 18.Ng3 Qf4 19.Nb3 Ba4 20.Qd2 Qxd2 21.Nxd2 Rab8 22.b3 Bd7
23.Kg1 a5 24.Rxe8+ Nxe8 25.c4 d4 26.Nge4 Rc8 27.Re1 f6 28.g4 Kf7 29.h4 Rc6
30.Kf2 Nc7 31.Kg3 Na6 32.a3 Rb6 33.Kf4 a4 34.Rb1 Ke7 35.g5 f5 36.Nf2 axb3
37.Rxb3 Rxb3 38.Nxb3 Kd6 39.Nd2 g6 40.Nd3 Nc7  1/2-1/2

[Event "Victor Ciocaltea Mem"]
[Site "Bucharest ROM"]
[Date "2001.03.14"]
[Round "11"]
[White "Nisipeanu,LD"]
[Black "Fressinet,L"]
[Result "1-0"]
[WhiteElo "2596"]
[BlackElo "2581"]

1.e4 c5 2.Nf3 d6 3.d4 cxd4 4.Nxd4 Nf6 5.Nc3 a6 6.Be2 e5 7.Nb3 Be7 8.Be3 Be6
9.Nd5 Nxd5 10.exd5 Bf5 11.Qd2 a5 12.a4 Nd7 13.O-O O-O 14.f4 exf4 15.Bxf4 Bg6
16.Kh1 Ne5 17.Bb5 Bf6 18.Rae1 Qc7 19.c3 Rfd8 20.Bg3 Nd7 21.Nd4 Re8 22.Nf3 Re4
23.Rxe4 Bxe4 24.Re1 Bg6 25.Qf4 Ne5 26.Qe3 Nd7 27.Nd2 Be5 28.Bxd7 Qxd7 29.Bxe5 Re8
30.Qd4 Qe7 31.Nf3 dxe5 32.Rxe5 Qd7 33.Rxe8+ Qxe8 34.d6 Bf5 35.Qe5 Qd7 36.Qxa5 g5
37.h3 h6 38.Qb5 Qe6 39.Qe5  1-0

[Event "2nd IECC"]
[Site "Ohrid MKD"]
[Date "2001.06.01"]
[Round "1"]
[White "Nisipeanu,LD"]
[Black "Halkias,S"]
[Result "1-0"]
[WhiteElo "2596"]
[BlackElo "2494"]

1.e4 c5 2.Nf3 Nc6 3.d4 cxd4 4.Nxd4 Nf6 5.Nc3 e5 6.Ndb5 d6 7.Bg5 a6 8.Na3 b5
9.Nd5 Be7 10.Bxf6 Bxf6 11.c3 Ne7 12.Nxf6+ gxf6 13.Bd3 Bb7 14.Qe2 d5 15.O-O-O Qc7
16.Nc2 O-O-O 17.exd5 Kb8 18.Be4 f5 19.d6 Rxd6 20.Bxb7 Kxb7 21.Rxd6 Qxd6 22.Rd1 Qe6
23.Nb4 Rc8 24.Qd3 e4 25.Qd7+ Rc7 26.Qxe6 fxe6 27.Rd6 a5 28.Na6 Rc6 29.Rd7+ Kxa6
30.Rxe7 b4 31.Kc2 a4 32.Rxh7 a3 33.Rh3 f4 34.Kb3 axb2 35.Kxb2 bxc3+ 36.Rxc3 Rd6
37.Kc2 Kb5 38.h4 e5 39.h5 Rd8 40.h6  1-0

[Event "2nd IECC"]
[Site "Ohrid MKD"]
[Date "2001.06.02"]
[Round "2"]
[White "Minasian,Ara"]
[Black "Nisipeanu,LD"]
[Result "0-1"]
[WhiteElo "2478"]
[BlackElo "2596"]

1.c4 e6 2.g3 d5 3.Bg2 dxc4 4.Qa4+ Nd7 5.Nf3 a6 6.Qxc4 b5 7.Qc2 Bb7 8.O-O Ngf6
9.a4 c5 10.d4 b4 11.Nbd2 Rc8 12.dxc5 Bxc5 13.Qd3 O-O 14.Ng5 Bxg2 15.Kxg2 Ne5
16.Qxd8 Rfxd8 17.Nde4 Be7 18.f4 Nc4 19.Rb1 Nd5 20.Rf3 h6 21.Nh3 Ndb6 22.f5 exf5
23.Rxf5 Rd1 24.Rf1 Rxf1 25.Kxf1 Nxa4 26.Nf4 f5 27.Nd5 Bf8 28.Nf2 Rd8 29.Nc7 Nc5
30.b3 Na3 31.Bxa3 bxa3 32.b4 Rc8 33.Nd5 Nb3  0-1

[Event "Trophy Chessgalaxy"]
[Site "Naujac-sur-Mer FRA"]
[Date "2001.08.21"]
[Round "1"]
[White "Nisipeanu,LD"]
[Black "Lukov,V"]
[Result "1-0"]
[WhiteElo "2609"]
[BlackElo "2469"]

1.e4 c5 2.Nf3 Nc6 3.d4 cxd4 4.Nxd4 Qc7 5.Nc3 e6 6.Be2 a6 7.O-O Nf6 8.Be3 d6
9.a4 Be7 10.f4 O-O 11.Kh1 Re8 12.Bf3 Nxd4 13.Qxd4 e5 14.Qd2 exf4 15.Bxf4 Be6
16.Rfd1 Red8 17.Ne2 Ng4 18.Nd4 Ne5 19.b3 Bf6 20.c4 Qe7 21.Ra2 h6 22.Qf2 Ng6
23.Bg3 Be5 24.Rad2 Rac8 25.Nf5 Bxf5 26.exf5 Bxg3 27.Qxg3 Ne5 28.f6 Qxf6 29.Bxb7 Rb8
30.Bxa6 d5 31.Rxd5 Rxd5 32.cxd5 Qxa6 33.Qxe5 Rxb3 34.d6 Rb8 35.d7  1-0

[Event "Trophy Chessgalaxy"]
[Site "Naujac-sur-Mer FRA"]
[Date "2001.08.22"]
[Round "2"]
[White "Lukov,V"]
[Black "Nisipeanu,LD"]
[Result "0-1"]
[WhiteElo "2469"]
[BlackElo "2609"]

1.Nf3 Nf6 2.c4 e6 3.d4 b6 4.g3 Ba6 5.Qc2 Bb7 6.Bg2 c5 7.dxc5 Bxc5 8.Nc3 Be7
9.O-O O-O 10.Rd1 d6 11.Bf4 a6 12.Rd2 Qc7 13.b3 h6 14.Rad1 e5 15.Be3 Ng4 16.Qd3 Nd7
17.Ne1 Ndf6 18.Bxb7 Qxb7 19.Ng2 e4 20.Qd4 b5 21.cxb5 axb5 22.Nf4 Rfe8 23.Ncd5 Nxd5
24.Nxd5 Nxe3 25.Nxe7+ Qxe7 26.Qxe3 Qa7 27.Rd4 Qxa2 28.Rxe4 Rxe4 29.Qxe4 Rc8
30.Rd3 d5 31.Qe7 d4 32.Kg2 Qa8+ 33.f3 Re8 34.Qd7 Rxe2+ 35.Kh3 Re3 36.Qxd4 Rxf3
37.Qd8+ Qxd8 38.Rxd8+ Kh7 39.b4 Rb3 40.Rd4 f5 41.Kg2 Rb2+ 42.Kf3 Rxh2 43.Rd5 Kg6
44.Rxb5 Rb2 45.Rb7 Kf6 46.b5 Rb3+ 47.Kf2 g6 48.b6 Kg5 49.Rb8 Kg4 50.b7 g5
51.Kg2 Rxg3+ 52.Kh2 Rb3 53.Kg2 h5  0-1

[Event "90th LSK Metalka Trgovina"]
[Site "Ljubljana SLO"]
[Date "2002.01.22"]
[Round "4"]
[White "Nisipeanu,LD"]
[Black "Farago,I"]
[Result "1-0"]
[WhiteElo "2608"]
[BlackElo "2500"]

1.e4 e6 2.d4 d5 3.Nd2 c5 4.Ngf3 Nc6 5.exd5 exd5 6.Bb5 Bd6 7.O-O Ne7 8.dxc5 Bxc5
9.Nb3 Bd6 10.Re1 O-O 11.Bg5 Bg4 12.Bh4 Re8 13.c3 a6 14.Be2 Qb6 15.Nfd4 Bxe2
16.Qxe2 Nxd4 17.Nxd4 Ng6 18.Qxe8+ Rxe8 19.Rxe8+ Bf8 20.Bg3 Qxb2 21.Rd1 f6
22.Rb8 Kf7 23.h4 Be7 24.Nf3 Nf8 25.a4 Nd7 26.Rc8 Qb3 27.Re1 Qxa4 28.Rc7 Bd8
29.Rxb7 Qc6 30.Reb1 Ke8 31.Nd4 Qxc3 32.Nf5 Bb6 33.Nxg7+ Kd8 34.Ne6+ Ke8 35.Nc7+ Kf8
36.R1xb6 Nxb6 37.Rxb6 a5 38.Nxd5 Qc1+ 39.Kh2 a4 40.Rxf6+ Ke8 41.Re6+ Kf7
42.Re7+ Kg6 43.Be5 a3 44.Ne3  1-0